| 000 | 00695nam a22002417a 4500 | ||
|---|---|---|---|
| 001 | 00791 | ||
| 003 | DO-SdBNP | ||
| 005 | 20160720142015.0 | ||
| 007 | 00791 | ||
| 008 | 160720b 2005 mx||||| |||| 00| 0 spa d | ||
| 020 | _a9789681913250 | ||
| 040 |
_aBPMSU _bspa _cBPMSU |
||
| 092 |
_axxxxxxx _bxxxxxxx |
||
| 100 | 1 | _aAustin, Denise | |
| 245 | 1 |
_aPilates para todos / _cDenise Austin ; traducción Martha Mauri |
|
| 260 |
_aMéxico : _bSantillana Ediciones Generales, _c2005. _g4ta. reimpresión 2005 |
||
| 300 |
_a326 p. : _bil., _c24 cm. |
||
| 490 | 1 | _aAlamah visual | |
| 700 | 1 |
_aMauri, Martha, _etr. |
|
| 830 | 0 | _aAlamah visual | |
| 942 |
_2ddc _cBK |
||
| 956 |
_aBTAVÁREz _b10 _c20162007 _d00791 |
||
| 999 |
_c10984 _d10984 |
||